| 000 | 00424nam a2200169Ia 4500 | ||
|---|---|---|---|
| 008 | 230524s9999 xx 000 0 und d | ||
| 020 | _a9788129118806 | ||
| 082 | _bBHA | ||
| 100 | _aChetan Bhagat | ||
| 245 | 0 | _a"Revolution 2020 (Love, Corruption, Ambition)" | |
| 250 | _a8 | ||
| 260 |
_aNew Delhi _bRupa Pub _c2011 |
||
| 300 | _a296p; | ||
| 500 | _aQuantity Number: 2 | ||
| 650 |
_aMiscellaneous _91877 |
||
| 942 | _cBK | ||
| 999 |
_c52319 _d52319 |
||